000 00609cam a22002053a 4500
001 38769
003 PGUSA
005 20140828083844.0
008 120205s2012||||xxu|||||s|||||000 | eng d
040 _aPGUSA
_beng
042 _adc
100 1 _aHardy, G. H.
_q(Godfrey Harold),
_d1877-1947
245 1 2 _aA Course of Pure Mathematics :
_bThird Edition
_h[electronic resource] /
_cG. H. Hardy
260 _bProject Gutenberg,
_c2012
506 _aPublic domain in the USA.
516 _aElectronic text
830 0 _aProject Gutenberg
_v38769
856 4 0 _uhttp://www.gutenberg.org/ebooks/38769
942 _cEB
999 _c268023
_d268023